Zásady efektívneho online vzdelávania – aplikácia na predmet základy ekonómie

Dištančná forma vyučovania a zásady efektívneho online vzdelávania. Každý vysokoškolský učiteľ, vyučujúci online kurzy, by ich mal poznať a dodržiavať.

Guardado en:
Detalles Bibliográficos
Autor principal: Horbulák, Zsolt, 1972-
Otros Autores: Leško, Peter, 1989-
Formato: Capítulo de libro
Lenguaje:eslovaco
Materias:
Etiquetas: Agregar Etiqueta
Sin Etiquetas, Sea el primero en etiquetar este registro!

MARC

LEADER 00000naa$a2200000$$$4500
001 0287132
005 20240502074420.1
041 0 |a slo 
044 |a SK 
245 1 0 |a Zásady efektívneho online vzdelávania – aplikácia na predmet základy ekonómie  |c Zsolt Horbulák, Peter Leško 
520 |a Dištančná forma vyučovania a zásady efektívneho online vzdelávania. Každý vysokoškolský učiteľ, vyučujúci online kurzy, by ich mal poznať a dodržiavať. 
610 2 0 |a pandémia 
610 2 0 |a vyučovanie 
610 2 0 |a internet 
610 2 0 |a ekonómia 
610 2 0 |a študenti 
100 1 |a Horbulák, Zsolt, 1972- 
700 1 |a Leško, Peter, 1989-